000 00629nam a2200205Ia 4500
003 GCL
008 140319s9999 xx 000 0 ara d
040 _aGCL /
_cGCL
082 0 4 _a923.1
_bد ح
100 1 _aالسيد يوسف نصر
245 1 0 _aالحكام العظام فى افريقيا فى الماضى /
_cالسيد يوسف نصر
700 1 _aدابلر، لافينا
700 1 _aبرون، وليام
260 _a[S.N] :
_bمكتبة الانجلوالمصرية ،
_c1990
300 _a79 ص
490 _a
650 0 4 _aالتاريخ
650 0 4 _aالملوك والحكام
942 _2ddc
_cBK
999 _c31715
_d31715